Normal view
MARC view
Entry Personal Name
001 - CONTROL NUMBER
- control field: 50929
003 - CONTROL NUMBER IDENTIFIER
- control field: ARRUPE
005 - DATE AND TIME OF LATEST TRANSACTION
- control field: 20211102115127.0
008 - FIXED-LENGTH DATA ELEMENTS
- fixed length control field: 211102|| aca||aabn | a|a d
040 ## - CATALOGING SOURCE
- Original cataloging agency: ARRUPE
- Transcribing agency: ARRUPE
100 ## - HEADING--PERSONAL NAME
- Personal name: Jowett, Benjamin,
- Dates associated with a name: 1817-1893
670 ## - SOURCE DATA FOUND
- Source citation: Work cat.: (ARRUPE)0: Plato., Symposium and Phaedrus /, c1993.